000 00352nam a22001697a 4500
003 UA-OsUOA
001 1883
007 ta
008 20050721b un ||||| |||| 00| 0 ukr d
100 _aStern
700 _aRichard M.
942 _cBK
040 _aUA-OsUOA
_cUA-OsUOA
_dUA-OsUOA
245 _aBrood of Eagles
_bFiction
955 _a2
650 7 _2UDC
999 _c288045
_d288045